| 000 | 00687nam a2200253 i 4500 | ||
|---|---|---|---|
| 001 | 10391 | ||
| 003 | ES-MaACL | ||
| 005 | 20230906145859.0 | ||
| 007 | t| | ||
| 008 | 950530s1995 sp ||||1| spa d | ||
| 020 | _a84-7880-498-6 | ||
| 080 | _a8.08 | ||
| 100 | 1 |
_aRacionero, Luis. _994890 |
|
| 245 | 1 | 3 |
_aEl Arte de escribir / _cLuis Racionero. |
| 250 | _a[1a ed.]. | ||
| 260 |
_aMadrid : _bTemas de Hoy, _c1995. |
||
| 300 |
_a229 p. ; _c21 cm. |
||
| 490 | 1 | _aEnsayo | |
| 500 | _aSubtít. en cub. : Emoción y placer del acto creador. | ||
| 650 | 1 | 4 |
_aCreación literaria. _911405 |
| 830 | 0 |
_aEnsayo _9177699 |
|
| 852 |
_aES-MaACL _jL-17891 _bR.123920 |
||
| 999 |
_c10391 _d10391 |
||